000 00709cam a2200217 4500
001 45913
090 _a45913
100 _a19961127d1942 km y0pory5003 ba
101 0 _apor
102 _aPT
200 1 _aTrágica história do fidalgo Dom francisco e do seu filho único
_fVirginia de Castro e Almeida
210 9 _aLisboa
_cEdições S. P. N.,
_d1942
215 _a14, [1] p.
_d25 cm
225 2 _aPátria
_v29
675 _a869.0-311.6 7 Almeida 7 Trágica
_v2med
_zpor
700 1 _aAlmeida,
_bVirgínia de Castro e,
_f1874-1945
801 0 _aPT
_bBN
_gRPC
856 4 0 _uhttps://purl.pt/40010
856 4 1 _uhttps://purl.pt/40010/service/media/cover/low
856 4 9 _uhttps://purl.pt/40010/service/media/pdf
990 _cLIVROS